| 000 | 00984cam a2200313 a 4500 | ||
|---|---|---|---|
| 001 | 16341413 | ||
| 003 | OSt | ||
| 005 | 20150408114102.0 | ||
| 008 | 100720s2010 enka b 001 0 eng | ||
| 010 | _a 2010281237 | ||
| 015 |
_aGBB008806 _2bnb |
||
| 016 | 7 |
_a015473126 _2Uk |
|
| 020 | _a9780230232532 (hbk.) | ||
| 020 | _a0230232531 (hbk.) | ||
| 035 | _a(OCoLC)ocn502410436 | ||
| 040 |
_aUKM _cUKM _dYDXCP _dBWKUK _dBWK _dBTCTA _dBWX _dDLC |
||
| 042 | _alccopycat | ||
| 050 | 0 | 0 |
_aHD69.B7 _bB75 2010 |
| 082 | 0 | 4 |
_a658.827 _222 _bB S F |
| 100 | 1 |
_aBridgewater, Susan. _917806 |
|
| 245 | 1 | 0 |
_aFootball brands / _cSue Bridgewater. |
| 260 |
_aBasingstoke ; _aNew York : _bPalgrave Macmillan, _c2010. |
||
| 300 |
_aix, 194 p. : _bill. ; _c25 cm. |
||
| 504 | _aIncludes bibliographical references and index. | ||
| 650 | 0 |
_aBranding (Marketing) _915151 |
|
| 650 | 0 |
_aSoccer _xMarketing. _917807 |
|
| 942 |
_2ddc _cBOOK |
||
| 999 |
_c26211 _d260711 |
||